<?xml version="1.0" encoding="UTF-8"?>
<marc:record xmlns:marc="http://www.loc.gov/MARC21/slim">
   <marc:leader>00000nam a2200000 a 4500</marc:leader>
   <marc:datafield ind1="1" ind2=" " tag="100">
      <marc:subfield code="a">Obermayer, Bastian</marc:subfield>
      <marc:subfield code="4">aut</marc:subfield>
      <marc:subfield code="e">Verfasser/-in</marc:subfield>
   </marc:datafield>
   <marc:datafield ind1="1" ind2=" " tag="100">
      <marc:subfield code="a">Obermaier, Frederik</marc:subfield>
      <marc:subfield code="4">aut</marc:subfield>
      <marc:subfield code="e">Verfasser/-in</marc:subfield>
   </marc:datafield>
   <marc:datafield ind1=" " ind2=" " tag="653">
      <marc:subfield code="a">Panama Papers</marc:subfield>
   </marc:datafield>
   <marc:datafield ind1="0" ind2="0" tag="245">
      <marc:subfield code="a">Panama Papers</marc:subfield>
   </marc:datafield>
   <marc:datafield ind1="0" ind2="0" tag="245">
      <marc:subfield code="b">die Geschichte einer weltweiten Enthüllung</marc:subfield>
   </marc:datafield>
   <marc:datafield ind1="0" ind2="0" tag="245">
      <marc:subfield code="c">Bastian Obermayer ; Frederik Obermaier</marc:subfield>
   </marc:datafield>
   <marc:datafield ind1=" " ind2="1" tag="264">
      <marc:subfield code="a">Köln</marc:subfield>
      <marc:subfield code="b">Kipenheuer &amp; Witsch</marc:subfield>
   </marc:datafield>
   <marc:datafield ind1="1" ind2=" " tag="520">
      <marc:subfield code="a">Die Veröffentlichung der Panama Papers hat alles übertroffen, was bisher an Enthüllungen publiziert wurde. Es begann mit einer E-Mail an den Journalisten Bastian Obermayer, den stellvertretenden Leiter des Ressorts &#x84;Investigative Recherche&#x93; der Süddeutschen Zeitung. Ein Jahr später wurden nach umfangreichen Recherchen die geheimen Dokumente teilweise veröffentlicht. Gleichzeitig legten Obermayer und sein Ressortkollege Frederik Obermaier das hier präsentierte Buch zu den Enthüllungen vor.</marc:subfield>
   </marc:datafield>
   <marc:datafield ind1=" " ind2=" " tag="020">
      <marc:subfield code="a">9783462050028</marc:subfield>
      <marc:subfield code="9">9783462050028</marc:subfield>
   </marc:datafield>
   <marc:datafield ind1=" " ind2=" " tag="020">
      <marc:subfield code="a">3462050028</marc:subfield>
      <marc:subfield code="9">3462050028</marc:subfield>
   </marc:datafield>
</marc:record>
